MARC details
| 000 -LEADER |
| fixed length control field |
01907cam a2200421 4500 |
| 001 - CONTROL NUMBER |
| control field |
ABS62186 |
| 008 - FIXED-LENGTH DATA ELEMENTS--GENERAL INFORMATION |
| fixed length control field |
000000n2000 000 0 eng u |
| 035 ## - SYSTEM CONTROL NUMBER |
| System control number |
(Sirsi) u105704 |
| 100 ## - MAIN ENTRY--PERSONAL NAME |
| Personal name |
Stuart, P. |
| 245 ## - TITLE STATEMENT |
| Title |
Resolving power |
| 260 ## - PUBLICATION, DISTRIBUTION, ETC. |
| Date of publication, distribution, etc. |
2000 |
| 490 ## - SERIES STATEMENT |
| Series statement |
Estates Gazette |
| Volume/sequential designation |
(0016) 22 April 2000 134-135(2) |
| 520 ## - SUMMARY, ETC. |
| Summary, etc. |
Discusses case law where adjudication has been used to resolve construction disputes. Lists recent law cases. |
| 590 ## - LOCAL NOTE (RLIN) |
| Local note |
ABS |
| 650 ## - SUBJECT ADDED ENTRY--TOPICAL TERM |
| Topical term or geographic name entry element |
MANAGEMENT-DISPUTE AVOIDANCE, MANAGEMENT AND RESOLUTION-DISPUTE MANAGEMENT AND RESOLUTION-ALTERNATIVE DISPUTE RESOLUTION-ADJUDICATION |
| 650 ## - SUBJECT ADDED ENTRY--TOPICAL TERM |
| Topical term or geographic name entry element |
CONSTRUCTION DISPUTES |
| 650 ## - SUBJECT ADDED ENTRY--TOPICAL TERM |
| Topical term or geographic name entry element |
MACOB CIVIL ENGINEERING LTD V MORRISON CONSTRUCTION LTD |
| 650 ## - SUBJECT ADDED ENTRY--TOPICAL TERM |
| Topical term or geographic name entry element |
OUTWING CONSTRUCTION LTD V H RANDELL AND SONS LTD |
| 650 ## - SUBJECT ADDED ENTRY--TOPICAL TERM |
| Topical term or geographic name entry element |
A AND D MAINTENANCE AND CONSTRUCTION LTD V PAGEHURST CONSTRUCTION SERVICES LTD |
| 650 ## - SUBJECT ADDED ENTRY--TOPICAL TERM |
| Topical term or geographic name entry element |
VHE CONSTRUCTION PLC V RBSTB TRUST CO LTD |
| 650 ## - SUBJECT ADDED ENTRY--TOPICAL TERM |
| Topical term or geographic name entry element |
NORTHERN DEVELOPMENTS (CUMBRIA) LTD V J & J NICHOL |
| 650 ## - SUBJECT ADDED ENTRY--TOPICAL TERM |
| Topical term or geographic name entry element |
BOUYGUES UK LTD V DAHL-JENSEN UK LTD |
| 650 ## - SUBJECT ADDED ENTRY--TOPICAL TERM |
| Topical term or geographic name entry element |
PROJECT CONSULTANCY GROUP V TRUSTEES OF THE GRAY TRUST |
| 650 ## - SUBJECT ADDED ENTRY--TOPICAL TERM |
| Topical term or geographic name entry element |
GROVEDECK LTD V CAPITAL DEMOLITION LTD |
| 650 ## - SUBJECT ADDED ENTRY--TOPICAL TERM |
| Topical term or geographic name entry element |
LATHOM CONSTRUCTION LTD V CROSS |
| 650 ## - SUBJECT ADDED ENTRY--TOPICAL TERM |
| Topical term or geographic name entry element |
FW COOK LTD V SHIMIZU (UK) LTD |
| 650 ## - SUBJECT ADDED ENTRY--TOPICAL TERM |
| Topical term or geographic name entry element |
PALMERS LTD V A B B POWER CONSTRUCTION LTD |
| 650 ## - SUBJECT ADDED ENTRY--TOPICAL TERM |
| Topical term or geographic name entry element |
A STRAUME (UK) V BRADLOR DEVELOPMENTS |
| 650 ## - SUBJECT ADDED ENTRY--TOPICAL TERM |
| Topical term or geographic name entry element |
ALLIED LONDON AND SCOTTISH PLC V RIVERBRAE CONSTRUCTION LTD |
| 650 ## - SUBJECT ADDED ENTRY--TOPICAL TERM |
| Topical term or geographic name entry element |
RENTOKIL AILSA ENVIRONMENTAL LTD V EASTEND CIVIL ENGINEERING LTD |
| 650 ## - SUBJECT ADDED ENTRY--TOPICAL TERM |
| Topical term or geographic name entry element |
HOMER BURGESS LTD V CHIREX (ANNAN) LTD |
| 650 ## - SUBJECT ADDED ENTRY--TOPICAL TERM |
| Topical term or geographic name entry element |
SHERWOOD & CASSON LTD MACKENZIE ENGINEERING LTD |
| 650 ## - SUBJECT ADDED ENTRY--TOPICAL TERM |
| Topical term or geographic name entry element |
FASTRACK CONTRACTORS LTD V MORRISON CONSTRUCTION |
| 650 ## - SUBJECT ADDED ENTRY--TOPICAL TERM |
| Topical term or geographic name entry element |
WORKPLACE TECHNOLOGIES PLC V E SQUARED LTD |
| 650 ## - SUBJECT ADDED ENTRY--TOPICAL TERM |
| Topical term or geographic name entry element |
JOHN COTHLIFF LTD V ALLEN BUILD (NORTHWEST) |
| 690 ## - LOCAL SUBJECT ADDED ENTRY--TOPICAL TERM (OCLC, RLIN) |
| Topical term or geographic name as entry element |
Dispute resolution |
| 9 (RLIN) |
6236 |
| 942 ## - ADDED ENTRY ELEMENTS (KOHA) |
| Suppress in OPAC |
0 |